تحميل...
Lifelong motor development /
| المؤلف الرئيسي: | |
|---|---|
| التنسيق: | Printed Book |
| اللغة: | English |
| منشور في: |
London :
Allyn & Bacon,
2000
|
| الطبعة: | 3rd ed. |
| LEADER | 00492nam a2200145Ia 4500 | ||
|---|---|---|---|
| 008 | 160726s9999 xx 000 0 eng d | ||
| 020 | |a 0205308899 | ||
| 082 | |a 612.04 | ||
| 100 | |a Gabbard, C P | ||
| 245 | |a Lifelong motor development / |c by C P Gabbard | ||
| 250 | |a 3rd ed. | ||
| 260 | |a London : |b Allyn & Bacon, |c 2000 | ||
| 942 | |c BK | ||
| 999 | |c 254347 |d 254347 | ||
| 952 | |0 0 |1 0 |4 0 |6 612_040000000000000_GAB_L |7 0 |9 283046 |a PSY |b PSY |c ST1 |d 2016-07-26 |i 3238 |l 0 |o 612.04 GAB/L |p PSY3238 |r 2016-07-26 |w 2016-07-26 |y BK | ||